01218nam a22003615b 4500001000600000003000900006005001700015007000300032008003500035017000900070020001800079040003000097082002600127100005000153245007800203250000600281264003700287300004500324336002900369337003500398338002900433490002800462590002600490600000600516650003600522650003400558650003600592700003500628910004100663942001200704952012300716999001700839 446 DO-SdBPM20251030141016.0ta950710s2019 dr a | | ||spa  a b  a9788434878761 aDO-SdBPMbspacBPMSUerda 4a863.6bR763p 20192221 a Romero Yebra, Ana María, d1945- eautor 10a El pirata Pepe /cAna María Romero ; ilustraciones Mikel Valverde h  a  aMadrid : bEdiciones SM, c2019 a21 páginas . :bilustraciones ;c21 cm atexto btxt 2rdacontent asin mediación bn2rdamedia  avolumen bnc2rdacarrier0 aCuentos de ahora a v  aInventariado, 2025/VM 2  7aCuentos infantiles españoles  7aPiratas vCuentos infantiles  7aLiteratura infantil española 1 a Valverde, Mikel eilustrador  aVMateo V. Control de calidad. BPMSU  2ddccBK 00102ddc708CI-DaBPMETbBPMETd2025-10-30l0oBPMSU CDI 863.6 R763p 2019pBPMSU25100124r2025-10-30w2025-10-30yBK c15481d15481